| 000 | 00557ntaaa2200205 4500 | ||
|---|---|---|---|
| 003 | 01 | ||
| 005 | 20251027203049.0 | ||
| 008 | 0714s1973 ag 01 | ||
| 020 | _a087123212X | ||
| 040 |
_aAR-BaBN _bspa _cAR-BaBN _eaacr _dRIC |
||
| 082 | _a242.8000 An3h | ||
| 100 |
_aAnderson, Margaret _99661 |
||
| 245 | _aHappy moments with God | ||
| 250 | _a1 ed. | ||
| 260 |
_aMinneapolis : _bBethany Fellowship, _c1973 |
||
| 300 |
_a186 [189] p ; _cfts. ; 21 cm |
||
| 650 |
_aDevocionales familiares _916427 |
||
| 650 |
_aNiƱos--Vida espiritual _97243 |
||
| 942 | _cBK | ||
| 999 |
_c26033 _d26033 |
||